000 00329nam a22001457a 4500
008 210322b ||||| |||| 00| 0 eng d
020 _a2900393919560
041 _aeng
080 _23rd
_a070
082 _a070
100 _a39
101 _aMED
245 _aThe Norton Field Guide to Writing
_cBullock, R.
942 _2udc
_cBK
999 _c56640
_d56640